000
00187 a2200097 4500
001
1521
100
_a
Pope, J.A
245
_a
Melal iatigue
260
_a
_b
Chapman
_c
090
_c
1062
_d
1062
942
_a
NUST-CAE
_c
M
_c
692
999
_c
236594
_d
236594